Britannia: Lost Eagles of Rome (2018) #4 /

At last, the mystery of the lost eagles revealed! Deep within the heart of Egypt, there is unrest...and Antonius and Achillia have stumbled right into the middle of it! On the hunt for the Roman Empire's missing banners at the behest of Emperor Nero, history's first detective and his fe...

Full description

Bibliographic Details
Corporate Author: Library Pass, LLC
Other Authors: Milligan, Peter (writer.)
Format: eBook
Language:English
Published: [United States] : Valiant Entertainment, 2022.
Subjects:
Online Access:Connect to this electronic book (First time users create your free account)

MARC

Tag First Indicator Second Indicator Subfields
LEADER 00000nmm a22000001a 4500
001 in00004614921
006 m|||||o||m||||||||
007 cr|cn |||uuuuu
008 221118s2022 xxu||||eo|||| ||||||eng d
005 20221207214639.6
035 |a (TxWaIVM)IV86253VaBr 
040 |a TxWaIVM  |c TxWaIVM 
245 0 0 |a Britannia: Lost Eagles of Rome (2018) #4 /  |c powered by Library Pass. 
260 3 |a [United States] :  |b Valiant Entertainment,  |c 2022. 
300 |a 1 online resource. 
336 |a text  |b txt  |2 rdacontent 
337 |a computer  |b c  |2 rdamedia 
338 |a online resource  |b cr  |2 rdacarrier 
520 |a At last, the mystery of the lost eagles revealed! Deep within the heart of Egypt, there is unrest...and Antonius and Achillia have stumbled right into the middle of it! On the hunt for the Roman Empire's missing banners at the behest of Emperor Nero, history's first detective and his fearsome gladiatrix companion find themselves on the brink of many revelations: Who is responsible for the plagues threatening their Roman brethren? And who is this new revolutionary calling himself Pharaoh? Legendary writer Peter Milligan (Detective Comics) and visceral artist Robert Gill (BOOK OF DEATH) close Antonius Axia's most incredible case yet as the final chapter of "LOST EAGLES OF ROME" is revealed! 
521 |a 4 
538 |a Requires a valid library card and registration for new users. 
538 |a Mode of access: World Wide Web. 
538 |a System requirements: Flash 10.1 or higher, Windows XP and higher, Internet Explorer 7 and higher, Firefox 3.6 and higher, Google Chrome; Max OS 10.5 and higher, Safari 4 and higher. 
650 0 |a Comic books, strips, etc. 
655 7 |a Electronic books.  |2 local 
655 7 |a Comic books, strips, etc.  |2 gsafd 
650 0 |a Detective and mystery comic books, strips, etc. 
655 7 |a Detective and mystery comic books, strips, etc.  |2 gsafd 
650 0 |a Comic books, strips, etc. --History 
655 7 |a Comic books, strips, etc. --History  |2 gsafd 
650 0 |a Comic books, strips, etc. --Military 
655 7 |a Comic books, strips, etc. --Military  |2 gsafd 
650 0 |a Suspense comic books, strips, etc. 
655 7 |a Suspense comic books, strips, etc.  |2 gsafd 
650 0 |a Comic books, strips, etc. --Mythology 
655 7 |a Comic books, strips, etc. --Mythology  |2 gsafd 
650 0 |a Comic books, strips, etc. --Superheroes 
655 7 |a Comic books, strips, etc. --Superheroes  |2 gsafd 
700 1 |a Milligan, Peter.  |e writer. 
700 1 |a Gill, Robert.  |e artist. 
710 2 |a Library Pass, LLC. 
856 4 0 |u http://proxy.library.tamu.edu/login?url=https://tamu.librarypass.com/product/com.iversecomics.valiant.entertainment.britannia.lost.eagles.of.rome.2018.four.english.01112022  |z Connect to this electronic book (First time users create your free account)  |t 0 
955 |a Comics Plus. 
999 f f |s eba79dc1-8fc5-48a1-9271-5fee3d586fe8  |i 965def85-4e95-4861-b7be-50055bd89500  |t 0 
952 f f |a Texas A&M University  |b College Station  |c Electronic Resources  |d Available Online  |t 0  |h Library of Congress classification 
998 f f |t 0  |l Available Online